Poison clouds : (Record no. 6807)
[ view plain ]
| 000 -LEADER | |
|---|---|
| fixed length control field | 00932nam a22002057a 4500 |
| 001 - CONTROL NUMBER | |
| control field | 6807 |
| 003 - CONTROL NUMBER IDENTIFIER | |
| control field | FISKH |
| 005 - DATE AND TIME OF LATEST TRANSACTION | |
| control field | 20251117112158.0 |
| 008 - FIXED-LENGTH DATA ELEMENTS--GENERAL INFORMATION | |
| fixed length control field | 250529b cb ||||| |||| 00| 0 eng d |
| 040 ## - CATALOGING SOURCE | |
| Original cataloging agency | FISKH |
| Language of cataloging | eng |
| Transcribing agency | FISKH |
| Modifying agency | FISKH |
| 050 ## - LIBRARY OF CONGRESS CALL NUMBER | |
| Classification number | UG447 .H255 |
| 082 ## - DEWEY DECIMAL CLASSIFICATION NUMBER | |
| Classification number | 358.34 |
| 100 ## - MAIN ENTRY--PERSONAL NAME | |
| Personal name | Pa-O Youth Organization |
| 245 ## - TITLE STATEMENT | |
| Title | Poison clouds : |
| Remainder of title | Lessons from Burma's largest coal project at Tigyit / |
| Statement of responsibility, etc. | By the Pa-O Youth Organization and the Kyoju Action Network |
| 260 ## - PUBLICATION, DISTRIBUTION, ETC. | |
| Place of publication, distribution, etc. | Shan States : |
| Name of publisher, distributor, etc. | The Pa-O Youth Organization , |
| Date of publication, distribution, etc. | 2011. |
| 300 ## - PHYSICAL DESCRIPTION | |
| Extent | 50 pages : |
| Other physical details | color illustrations, maps ; |
| Dimensions | 25 cm . |
| 520 ## - SUMMARY, ETC. | |
| Summary, etc. | This report investigates the severe environmental, health, and social impacts of the Tigyit coal mine and power plant, Myanmar's largest coal project. Operated since 2004, the Tigyit project has caused widespread pollution and displacement in the Pa-O region of southern Shan State. |
| 942 ## - ADDED ENTRY ELEMENTS (KOHA) | |
| Source of classification or shelving scheme | Dewey Decimal Classification |
| Koha item type | Books |
| Suppress in OPAC | No |
| Withdrawn status | Lost status | Source of classification or shelving scheme | Damaged status | Not for loan | Collection | Home library | Current library | Shelving location | Date acquired | Total Checkouts | Full call number | Barcode | Date last seen | Price effective from | Koha item type |
|---|---|---|---|---|---|---|---|---|---|---|---|---|---|---|---|
| Dewey Decimal Classification | Non-Fiction | Footprints International School Library Network Toul Tom Poung Campus | Footprints International School Library Network Toul Tom Poung Campus | TTP Secondary Non-Fiction Bookshelves | 05/29/2025 | PYO 358.34 358.34 | 2025-1431 | 05/29/2025 | 05/29/2025 | Books |
